000
00315nam a22001337a 4500
020
_a
0-87392-104-6
082
_a
001
_b
POD/P
100
_a
PODENDORF, ILLA
245
_a
PLANT AND ANIMAL WAYS
260
_a
UNITED STATES
_b
CHILD HORIZONS
_c
1974
300
_a
189
650
_a
ENCYCLOPEDIA SCIENCE
_z
INDIA
942
_c
BK
999
_c
1766
_d
1766